| 000 | 01082cam a2200277 4500 | ||
|---|---|---|---|
| 008 | 090401t1993 xxu||||| |||| 00| 0 eng d | ||
| 020 | _a0854598200 | ||
| 035 | _a(Sirsi) u71970 | ||
| 041 | _aeng | ||
| 050 | _a346.4104346 | ||
| 100 | _aDriscoll, James | ||
| 245 | _aLeasehold reform: the new law: a guide to the Leasehold Reform, Housing and Urban Development Act 1993. | ||
| 260 |
_aCroydon, Surrey _bTolley Publishing Company Limited _c1993 |
||
| 300 | _axxii,170p. ; 23cm. | ||
| 350 | _a24.95 | ||
| 520 | _aCovers collective enfranchisement, the right to buy a new lease, amendments to the Leasehold Reform Act 1967, rights of long residential leaseholders and the pubic sector housing provisions, including rents-to- mortgages. | ||
| 650 | _aFLATS | ||
| 650 | _aLEASEHOLD ENFRANCHISEMENT | ||
| 650 | _aLEASEHOLD REFORM ACT 1967 | ||
| 650 | _aLEASEHOLD REFORM, HOUSING AND URBAN DEVELOPMENT ACT 1993 | ||
| 650 | _aLEASEHOLD REFORM | ||
| 650 | _aPUBLIC SECTOR HOUSING | ||
| 690 | _aLANDLORD AND TENANT-LEASEHOLD REFORM | ||
| 942 | _n0 | ||
| 948 | _c04/03/1997 | ||
| 999 |
_c95469 _d95469 |
||